| 000 | 00345nmm a2200145 a 4500 | ||
|---|---|---|---|
| 003 | AR-BaBNM | ||
| 005 | 20251128203147.0 | ||
| 008 | 103119s1893 ||||||||||||||000 | spa|| | ||
| 040 | _cAR-BaBNM | ||
| 100 | 1 | _aTerry, José A. | |
| 245 | 1 | 0 |
_aLa crisis 1885-1892 _bsistema bancario |
| 260 |
_a[S.l.] _bBiedma _c1893 |
||
| 942 | _cBK | ||
| 998 | _cGiles | ||
| 999 |
_c2172 _d2172 |
||